Inside, outside : a novel

Bibliographic Details
Main Author: Wouk, Herman
Format: Book
Language:English
Published: Boston : Little, Brown and Company , c1985
Subjects:

MARC

LEADER 00000cam a2200000 7i4500
001 0000007041
005 20230510.0
008 000418 mau eng
020 |a 0136955043 (hbk) 
040 |a INS 
090 0 0 |a PS3545.O98   |b I5 1985 
100 1 |a Wouk, Herman 
245 1 0 |a Inside, outside :   |b a novel   |c Herman Wouk 
260 |a Boston :   |b Little, Brown and Company ,   |c c1985 
300 |a 644 p. ;   |c 24 cm. 
650 0 0 |a English fiction 
999 |a 0000003357   |b BOOK   |c Open Shelf   |e Default branch